| 000 | 00000nam 2200000zi 4500 |
| 001 | 9.950381 |
| 003 | CaOODSP |
| 005 | 20250530102357 |
| 006 | m o d f |
| 007 | cr bn||||||||| |
| 008 | 250423e197601##bccad ob f000 0 eng d |
| 040 | |aCaOODSP|beng|erda|cCaOODSP |
| 086 | 1 |aDR52-14/1-1976E-PDF |
| 100 | 1 |aKuwahara, R. H., |eauthor. |
| 245 | 10|aMADSIM - a computer software magnetic anomaly detection system simulator / |cR.H. Kuwahara and W.C. Hundleby. |
| 264 | 1|aVictoria, B.C. : |bDefence Research Establishment Pacific : |bDepartment of National Defence Canada, Research and Development Branch, |cJanuary 1976. |
| 300 | |a1 online resource (1 volume (various pagings)) : |billustrations, graphs. |
| 336 | |atext|btxt|2rdacontent |
| 337 | |acomputer|bc|2rdamedia |
| 338 | |aonline resource|bcr|2rdacarrier |
| 490 | 1 |aReport ; |v76-3 |
| 500 | |aDigitized edition from print [produced by Defence Research and Development Canada]. |
| 504 | |aIncludes bibliographical references (page 41). |
| 520 | 3 |a"The requirement for a computer program to simulate the magnetic anomaly detection (MAD) and motion-sensor outputs of a patrol aircraft for the purpose of detection algorithm and tactics development is presented. The MADSIM program has been developed to fill this need. The MADSIM program attempts to generate data which are interchangeable with actual flight records of the NAE MAD research aircraft. The equations of motion, generation of random-noise sequences, control of aircraft and submarine tracks, as well as details of the computer program, are discussed. An illustrated example of the program input and output is provided"--Abstract, page iii. |
| 650 | 0|aMagnetic anomalies|xComputer simulation. |
| 650 | 0|aMotion detectors|xComputer programs. |
| 650 | 6|aAnomalies magnétiques|xSimulation par ordinateur. |
| 650 | 6|aDétecteurs de mouvement|xLogiciels. |
| 710 | 2 |aDefence Research Establishment Pacific, |eissuing body. |
| 710 | 1 |aCanada. |bDepartment of National Defence. |bResearch and Development Branch, |eissuing body. |
| 830 | #0|aReport (Defence Research Establishment Pacific : 1976)|v76-3.|w(CaOODSP)9.936122 |
| 856 | 40|qPDF|s8.94 MB|uhttps://publications.gc.ca/collections/collection_2025/rddc-drdc/DR52-14-1-1976-eng.pdf |